000 00647nam a22002175i 4500
001 12705
003 ES-MaACL
005 20230906150358.0
007 t|
008 921214s1992 sp ||||0| spa
020 _a84-7232-652-7
080 _a860(728.6)-31"19"
100 1 _aMarín Cañas, José.
_976777
245 1 0 _aPedro Arnèz /
_cJosé Marín Cañas.
260 _aMadrid :
_bCultura Hispánica,
_c1992.
300 _a234 p. ;
_c22 cm.
490 1 _aBiblioteca literaria iberoamericana y filipina ;
_v5
830 1 _aBiblioteca literaria iberoamericana y filipina ;
_v5
_9178172
852 _aES-MaACL
_jL-20075
999 _c12705
_d12705